000 00332nam a2200109Ia 4500
008 160531s9999 xx 000 0 und d
100 _aCaporaso, Lucia.
245 _aCurrent Developments in Algebraic Geometry
245 _cby Lucia Caporaso, et al.
260 _c2012
856 _uhttp://library.msri.org/books/Book59/contents.html
999 _c295117
_d295117